Elementos para un Plan Fiscal alternativo

Tallennettuna:
Bibliografiset tiedot
Päätekijä: Mora Jiménez, Henry
Aineistotyyppi: Kirja
Kieli:Spanish
Tagit: Lisää tagi
Ei tageja, Lisää ensimmäinen tagi!

MARC

LEADER 00000nam a22000007a 4500
003 cru CIDCACS/IIS
005 20191101110353.0
008 191101b ||||| |||| 00| 0 spa d
999 |c 42563  |d 42563 
040 |c cru CIDCACS/IIS 
100 1 |9 5450  |a Mora Jiménez, Henry 
245 1 |a Elementos para un Plan Fiscal alternativo  |c Henry Mora Jiménez 
942 |2 ddc  |c PP